000 00282nam a22001217a 4500
008 181102b xxu||||| |||| 00| 0 eng d
041 _aeng
080 _a616.12
100 _a6
101 _aKAR
245 _aAn Introduction to Electrocardiography
_cSchamroth, L
942 _2udc
_cBK
999 _c51634
_d51634